Caractérisation des algèbres de Nelson par des égalités /
Guardado en:
| Autor Principal: | |
|---|---|
| Autor Corporativo: | |
| Otros Autores: | |
| Formato: | Libro |
| Idioma: | French |
| Publicado: |
Bahía Blanca :
Instituto de Matemática, Universidad Nacional del Sur,
1964.
|
| Series: | Notas de lógica matemática,
20 Notas de lógica matemática (Instituto de Matemática, Universidad Nacional del Sur) ; 20 |
| Acceso en línea: | Texto escaneado (PDF) |
| Etiquetas: |
Agregar Etiqueta
Sin Etiquetas, Sea el primero en etiquetar este registro!
|
| LEADER | 01222nam a2200229 a 4500 | ||
|---|---|---|---|
| 001 | MAT.inmabb006440 | ||
| 008 | 101227s1964####ag#a#####b###f000#0#fre## | ||
| 005 | 20151228103205.0 | ||
| 245 | 1 | 0 | |a Caractérisation des algèbres de Nelson par des égalités / |c par Diana Brignole et Antonio Monteiro. |
| 260 | |a Bahía Blanca : |b Instituto de Matemática, Universidad Nacional del Sur, |c 1964. | ||
| 300 | |a 14 p. ; |c 27 cm. | ||
| 440 | 0 | |a Notas de lógica matemática, |x 0078-2017 ; |v 20 | |
| 500 | |a "Los resultados contenidos en este trabajo han sido presentados en las Jornadas de la Unión Matemática Argentina realizadas del 21 al 23 de septiembre de 1961.(Revista de la Unión Matemática Argentina, 19(1962), p. 361.". | ||
| 504 | |a Incluye referencias bibliográficas: p. 12-14. | ||
| 510 | 4 | |a MR, |c 36 #1296 | |
| 100 | 1 | |a Brignole, Diana. | |
| 700 | 1 | |a Monteiro, Antonio A. R. |q (Antonio Aniceto Ribeiro), |d 1907-1980. | |
| 710 | 2 | |a Instituto de Matemática. INMABB. UNS. CONICET. | |
| 830 | 0 | |a Notas de lógica matemática (Instituto de Matemática, Universidad Nacional del Sur) ; |v 20 | |
| 084 | |2 MR |a 02.23 | ||
| 856 | 4 | 1 | |u http://inmabb-conicet.gob.ar/publicaciones/nlm/Nlm-20.pdf |y Texto escaneado (PDF) |
| 859 | |b BIB. MATEMATICA | ||
